Už je to isté! Oslavy budú bez Kométy

Bibliographic Details
Format: Article
Language:Slovak
Subjects:

MARC

LEADER 00000nab a2200000 a 4500
001 vtls010459266
003 SK-MaSNL
005 20260303202957.0
008 121012 2012 xo e 000 0 slo
038 |a PPPK 
040 |a PPPKCL  |b slo  |c PPPK  |e AACR2 
041 0 |a slo 
044 |a xo  |c SK 
080 |a 656.223-027.32  |2 2001 
245 0 0 |a Už je to isté! Oslavy budú bez Kométy  |c [autor] (pet) 
610 2 7 |a Veterán klub železníc (Poprad, Slovensko)  |2 pppkcl  |9 1052619 
650 0 7 |a Kométa (električka)  |2 pppkcl  |9 1096129 
650 0 7 |a historické vlaky  |2 pppkcl  |9 105398 
651 7 |a Poprad (Slovensko)  |2 pppkcl  |9 20155 
773 0 |t Tatranský dvojtýždenník  |g Roč. XXIII, č. 15 (2012), s. 5 
852 |a PPPK  |b KIS3GCP 
999 |c 2183021  |d 2184951